Life and times in Bangladesh / (Record no. 852)
[ view plain ]
| 000 -LEADER | |
|---|---|
| fixed length control field | 00789nam a22002297a 4500 |
| 001 - CONTROL NUMBER | |
| control field | BD-DhSAU 852 |
| 003 - CONTROL NUMBER IDENTIFIER | |
| control field | BD-DhSAU |
| 005 - DATE AND TIME OF LATEST TRANSACTION | |
| control field | 20150107014134.0 |
| 008 - FIXED-LENGTH DATA ELEMENTS--GENERAL INFORMATION | |
| fixed length control field | 150107b1989 ii a|||| |||| 001 0 eng d |
| 020 ## - INTERNATIONAL STANDARD BOOK NUMBER | |
| International Standard Book Number | 8122401724 |
| 040 ## - CATALOGING SOURCE | |
| Original cataloging agency | BD-DhSAU |
| 082 ## - DEWEY DECIMAL CLASSIFICATION NUMBER | |
| Edition number | 22 |
| Classification number | 954.92 |
| Item number | WAL |
| 100 ## - MAIN ENTRY--PERSONAL NAME | |
| Personal name | Wahiduzzaman, M. |
| 245 ## - TITLE STATEMENT | |
| Title | Life and times in Bangladesh / |
| Statement of responsibility, etc. | M. Wahiduzzaman |
| 260 ## - PUBLICATION, DISTRIBUTION, ETC. (IMPRINT) | |
| Place of publication, distribution, etc. | New Dellhi, India : |
| Name of publisher, distributor, etc. | Wiley eastern limited. |
| Date of publication, distribution, etc. | 1989. |
| 300 ## - PHYSICAL DESCRIPTION | |
| Extent | vi, 87 p. : |
| Other physical details | ill. ; |
| Dimensions | 24 cm. |
| 504 ## - BIBLIOGRAPHY, ETC. NOTE | |
| Bibliography, etc | Includes references. |
| 590 ## - Name of Cataloguer | |
| Name of Cataloger | Md. Sirajul Islam. |
| 650 ## - SUBJECT ADDED ENTRY--TOPICAL TERM | |
| Topical term or geographic name as entry element | Life and times. |
| Geographic subdivision | Bangladesh. |
| 650 ## - SUBJECT ADDED ENTRY--TOPICAL TERM | |
| Topical term or geographic name as entry element | Economics. |
| 856 ## - ELECTRONIC LOCATION AND ACCESS | |
| Uniform Resource Identifier | <a href="https://books.google.com.bd/books?id=NpicAAAACAAJ&dq=life+and+times+bangladesh&hl=en&sa=X&ei=DP6sVISiKoGRuATS24LYBg&ved=0CB0Q6AEwAA">https://books.google.com.bd/books?id=NpicAAAACAAJ&dq=life+and+times+bangladesh&hl=en&sa=X&ei=DP6sVISiKoGRuATS24LYBg&ved=0CB0Q6AEwAA</a> |
| 942 ## - ADDED ENTRY ELEMENTS (KOHA) | |
| Source of classification or shelving scheme | Dewey Decimal Classification |
| Koha item type | Book |
| Withdrawn status | Lost status | Source of classification or shelving scheme | Damaged status | Not for loan | Home library | Branch Name | Shelving location | Date acquired | Total Checkouts | Full call number | Barcode | Date last seen | Price effective from | Koha item type | Collection code |
|---|---|---|---|---|---|---|---|---|---|---|---|---|---|---|---|
| Dewey Decimal Classification | SAU Library | SAU Library | General Stacks | 20/09/1992 | 954.92 WAL | 20932 | 07/01/2015 | 07/01/2015 | Book | ||||||
| Dewey Decimal Classification | SAU Library | SAU Library | General Stacks | 23/06/1992 | 128.095492 WAL | 19375 | 11/02/2015 | 11/02/2015 | Book | ||||||
| Dewey Decimal Classification | SAU Library | SAU Library | General Stacks | 23/06/1992 | 128.095492 WAL | 19376 | 11/02/2015 | 11/02/2015 | Book | ||||||
| Dewey Decimal Classification | SAU Library | SAU Library | General Stacks | 23/06/1992 | 954.92 WAL | 19377 | 11/02/2015 | 11/02/2015 | Book | ||||||
| Dewey Decimal Classification | Not For Loan | SAU Library | SAU Library | Reference | 25/06/1992 | 954.92 WAL | 20931 | 10/05/2015 | 10/05/2015 | Book | Reference | ||||
| Dewey Decimal Classification | Not For Loan | SAU Library | SAU Library | Reference | 23/06/1992 | 954.92 WAL | 19374 | 28/05/2015 | 28/05/2015 | Book |
